000 00336 a2200169 4500
001 70884
020 _a8506028027
040 _cAnchieta - Itaigara
100 _aSpence, David
240 1 0 _aRembrandt
_lpor
245 1 0 _aRembrandt
300 _a31
362 0 _a1998
440 1 _aMelhoramentos
650 4 _aPintura
942 _cBK
999 _c70884
_d70884